L'Europe carolingienne 714-888 (notice n° 1925400)

détails MARC
000 -LEADER
fixed length control field 01315cam a2200133 4500500
005 - DATE AND TIME OF LATEST TRANSACTION
control field 20260329023208.0
041 ## - LANGUAGE CODE
Language code of text/sound track or separate title fre
042 ## - AUTHENTICATION CODE
Authentication code dc
100 10 - MAIN ENTRY--PERSONAL NAME
Personal name Bührer-Thierry, Geneviève
Relator term author
245 00 - TITLE STATEMENT
Title L'Europe carolingienne 714-888
260 ## - PUBLICATION, DISTRIBUTION, ETC.
Name of publisher, distributor, etc. Armand Colin,<br/>
Date of publication, distribution, etc. 2019.<br/>
520 ## - SUMMARY, ETC.
Summary, etc. Période fondatrice d’une « Europe » qui trouve ses racines dans l’action politique et stratégique de Charlemagne, l’ère carolingienne fascine et interroge les Européens modernes que nous sommes. Ce sont les dimensions européennes de l’empire carolingien qui sont ici étudiées et expliquées. Cette synthèse renouvelée d’une époque et d’un espace en pleine mutation, complémentaire de tout cours sur la période, offre autant un rappel des événements, une description des différentes parties de l’empire qu’une réflexion sur les éléments qui font alors l’unité de l’Europe : christianisme, culture des élites et réseaux formés par les familles de l’aristocratie. Elle dégage également plusieurs thématiques qui s’imposent aujourd’hui dans la recherche européenne sur le haut Moyen Âge, notamment le rôle des femmes et la gestion de l’espace.
856 41 - ELECTRONIC LOCATION AND ACCESS
Uniform Resource Identifier <a href="https://shs.cairn.info/l-europe-carolingienne-714-888--9782200622824?lang=fr&redirect-ssocas=7080">https://shs.cairn.info/l-europe-carolingienne-714-888--9782200622824?lang=fr&redirect-ssocas=7080</a>

Pas d'exemplaire disponible.

PLUDOC

PLUDOC est la plateforme unique et centralisée de gestion des bibliothèques physiques et numériques de Guinée administré par le CEDUST. Elle est la plus grande base de données de ressources documentaires pour les Étudiants, Enseignants chercheurs et Chercheurs de Guinée.

Adresse

627 919 101/664 919 101

25 boulevard du commerce
Kaloum, Conakry, Guinée

Réseaux sociaux

Powered by Netsen Group @ 2025